书目信息 |
| 题名: |
对文学的艺术作品的认识
|
|
| 作者: | 英加登 , Ingarcden 著 ;陈燕谷 译 | |
| 分册: | ||
| 出版信息: | 北京 中国文联出版公司 1988.10 |
|
| 页数: | 432页 | |
| 开本: | 20厘米 | |
| 丛书名: | 文艺新学科建设丛书 | |
| 单 册: | ||
| 中图分类: | I0 | |
| 科图分类: | 42.2 | |
| 主题词: | 文学理论 | |
| 电子资源: | ||
| ISBN: | 7-5059-0281-4 | |
| 000 | 01286nam2 2200349 45 | |
| 001 | 0189005616 | |
| 005 | 20040424172920.9 | |
| 010 | @a7-5059-0281-4@dCNY4.20 | |
| 020 | @aCN@b89005616 | |
| 100 | @a19901017d1988 m y0chiy0120 ea | |
| 101 | 1 | @achi@cpol |
| 102 | @aCN@b110000 | |
| 105 | @ay z 000yy | |
| 106 | @ar | |
| 200 | 10 | @a对文学的艺术作品的认识@Adui wen xue de yi shu zuo pin de ren shi@f(波)英加登(Ingarcden,R.)著@F( bo) ying jia deng (Ingarcden,R.) zhu@g陈燕谷译 |
| 210 | @a北京@c中国文联出版公司@d1988.10 | |
| 215 | @a432页@d20厘米 | |
| 225 | 2 | @a文艺新学科建设丛书@f刘再复主编 |
| 300 | @a书名原文:The cognition of the literary work of art | |
| 300 | @a英加登(1893—1970),波兰哲学家、文艺理论家 | |
| 330 | @a本书对文学作品的存在模式、多层结构,体验作品的各种方式,作品具体化中的“时间透视”,积极阅读与消极阅读等问题作了精辟的论述。 | |
| 410 | 0 | @120010@a文艺新学科建设丛书 |
| 510 | 1 | @aThe cognition of the literary work of art@zeng |
| 540 | 1 | @a文学 艺术作品 认识@Awen xue yi shu zuo pin ren shi |
| 606 | 0 | @a文学理论 |
| 690 | @aI0 | |
| 692 | @a42.2@v1974 | |
| 701 | 1 | @a英加登@Aying jia deng@bR.@4著 |
| 701 | A1 | @aIngarcden@bR.@4著 |
| 702 | 0 | @a陈燕谷@Achen yan gu@4译 |
| 801 | 0 | @aCN@bNLC@c19901017 |
| 905 | @f2@b217076-077@dI0@e128 | |
| 对文学的艺术作品的认识/(波)英加登(Ingarcden,R.)著/陈燕谷译.-北京:中国文联出版公司,1988.10 |
| 432页;20厘米.-(文艺新学科建设丛书/刘再复主编) |
| 书名原文:The cognition of the literary work of art.-英加登(1893—1970),波兰哲学家、文艺理论家 |
| ISBN 7-5059-0281-4:CNY4.20 |
| 本书对文学作品的存在模式、多层结构,体验作品的各种方式,作品具体化中的“时间透视”,积极阅读与消极阅读等问题作了精辟的论述。 |
| ● |
| 相关链接 |
|
|
|
|
正题名:对文学的艺术作品的认识
索取号:I0/128
 
预约/预借
| 序号 | 登录号 | 条形码 | 馆藏地/架位号 | 状态 | 备注 |
| 1 | 0217076 | 000901108 | 第二借阅区/ [索取号:I0/128] | 在馆 | |
| 2 | 0217077 | 000901091 | 密集书库/ [索取号:I0/128] | 在馆 | |
| 3 | 0217078 | 202070132 | 第一样本阅览室/ [索取号:I0/128] | 在馆 |